000
00260nam a2200097Ia 4500
001
1119756
005
20250827004151.0
008
250824s9999 xx 000 0 und d
245
0
_a
NUREDDİN MAHMUD ZENGİ Y4 16
_c
ABDULKADİR TURAN
260
_b
KETEBE YAYINLARI
999
_c
1119756
_d
1119756